000 00421nam a2200169Ia 4500
005 20250423095502.0
008 250422s9999 xx 000 0 und d
020 _a9780135334980
050 _aQD 31.2 .P48/
100 _aPetrucci, Ralph H.
245 0 _aGeneral chemistry : principles and modern applications
250 _a7th ed.
260 _aNew Jersey
260 _c1997
650 _aChemistry.
942 _cBK
999 _c30420
_d30420